Podnikateľ a príspevky na podporu zamestnanosti

Podpora zamestnateľnosti a zamestnanosti uchádzačov o zamestnanie s dôrazom na znevýhodnených uchádzačov o zamestnanie je upravená prostredníctvom aktívnych opatrení na trhu práce v platnom zákone o službách zamestnanosti. Aké príspevky sa poskytujú a za akých podmienok.

Guardado en:
Detalles Bibliográficos
Autor principal: Martončíková, Petra
Formato: Capítulo de libro
Lenguaje:eslovaco
Materias:
Etiquetas: Agregar Etiqueta
Sin Etiquetas, Sea el primero en etiquetar este registro!

MARC

LEADER 00000naa a2200000 4500
001 0220077
005 20231120140016.7
041 0 |a slo 
044 |a SK 
245 1 0 |a Podnikateľ a príspevky na podporu zamestnanosti  |c Petra Martončíková 
520 |a Podpora zamestnateľnosti a zamestnanosti uchádzačov o zamestnanie s dôrazom na znevýhodnených uchádzačov o zamestnanie je upravená prostredníctvom aktívnych opatrení na trhu práce v platnom zákone o službách zamestnanosti. Aké príspevky sa poskytujú a za akých podmienok. 
610 2 0 |a podpora zamestnanosti 
610 2 0 |a príspevky štátne 
610 2 0 |a prax absolventská 
100 1 |a Martončíková, Petra